000 01194nmc a2200373 a 4500
003 AR-BaBNM
005 20251128210648.0
008 200120s2000 ||||||||||||||000 | spa||
020 _a950-529-096-9
040 _cAR-BaBNM
100 1 _aGarcía, Apolinar E.
245 1 0 _aLa modalidad comunicación, artes y diseño y el trayecto técnico profesional de comunicación multimedial
260 _aBuenos Aires
_bEdiciones Polimodal
_c2000
300 _a245 p.
_btablas
_eCD-Rom
490 0 _aBiblioteca de capacitación docente
500 _aContiene glosario
500 _aLos textos de esta colección se complementan con un CD, solicitarlo en MEDIATECA
650 4 _aCOMUNICACION
650 4 _aARTE
650 4 _aDISENO
650 4 _aEDUCACION PARA EL TRABAJO
651 4 _aCórdoba
651 4 _aBuenos Aires [Provincia]
653 _aEDUCACION POLIMODAL
653 _aTRAYECTOS TECNICO-PROFESIONALES
653 _aCAPACITACION DOCENTE
653 _aMODALIDADES DEL POLIMODAL
653 _aCONTENIDOS CURRICULARES
653 _aESPACIOS CURRICULARES
653 _aMULTIMEDIA
800 1 _aGarcía, Apolinar E.
_ecoordinador
942 _cBK
998 _cRAQUEL
999 _c16337
_d16337